Spoločenská zodpovednosť podniku diplomová práca

Salvato in:
Dettagli Bibliografici
Autore principale: Chlapečková, Daniela
Ente Autore: Fakulta podnikového manažmentu EU. Katedra podnikovohospodárska
Altri autori: Majdúchová, Helena, 1963-
Natura: Libro
Lingua:slovacco
Pubblicazione: Bratislava 2008
Tags: Aggiungi Tag
Nessun Tag, puoi essere il primo ad aggiungerne!!

MARC

LEADER 00000nam$a2200000$$$4500
001 0086225
005 20240201120348.3
041 0 |a slo 
044 |a SK 
245 1 0 |a Spoločenská zodpovednosť podniku  |b diplomová práca  |c Daniela Chlapečková ; škol. Helena Majdúchová 
264 1 |a Bratislava  |c 2008 
300 |a 83 s. 
100 1 |a Chlapečková, Daniela 
700 1 |a Majdúchová, Helena, 1963- 
710 2 |a Fakulta podnikového manažmentu EU. Katedra podnikovohospodárska